000 01240nam a22003497a 4500
003 DO-SdBPM
005 20260522111422.0
007 ta
008 171124b2002 mx|| |||| 00| 0 spa d
020 _a9701033256
040 _aDO-SdBPM
_bspa
_cBPMSU
_erda
082 0 4 _a658.812
_bZ48m 2002
_222
100 1 _aZeithaml, Valera A.
_4aut.
_eautor
245 1 0 _aMarketing de servicios :
_bun enfoque de integración del cliente a la empresa /
_cValarie A. Zeithaml , Mary Jo Bitner
264 _aMéxico :
_b$aMadrid : $bMcGraw-Hill ;
_c2002.
300 _a747 páginas :
_bilustraciones ;
_c23 cm
336 _atexto
_btxt
_2rdacontent
337 _asin mediación
_bn
_2rdamedia
338 _avolumen
_bn
_2rdacarrier
534 _t Services marketing: integrating customer focus across the firm.
_pTítulo original.
590 _aInventariado, 2026/VM
650 7 _aCalidad total
650 7 _aConsumidores.
650 7 _aIndustrias de servicios.
650 7 _aMercadeo.
650 7 _aPsicología del consumidor.
700 1 _aBitner, Mary Jo.
700 1 _aLozano Hirschfeld, Andrés,
_etraductor.
700 1 _aPérez de Lara Choy,
_etraductor.
910 _aVMateo V. Control de calidad. BPMSU
942 _2ddc
_cBK
999 _c13074
_d13074